Practical guide to employees' state insurance : (Record no. 78580)

MARC details
000 -LEADER
fixed length control field 00708nam a22002177a 4500
005 - DATE AND TIME OF LATEST TRANSACTION
control field 20130910161614.0
010 ## - LCCN (DPL NO)
LC control number ENG-108312
020 ## - INTERNATIONAL STANDARD BOOK NUMBER
International Standard Book Number 9789350353455
Terms of availability 525.00
035 ## - SYSTEM CONTROL NUMBER
System control number EN-91845
037 ## - SOURCE OF ACQUISITION
Source of stock number/acquisition DBAD/PUB
082 ## - DEWEY DECIMAL CLASSIFICATION NUMBER
Classification number 346.54086
100 ## - MAIN ENTRY--PERSONAL NAME
Personal name Kumar,H.L.
245 10 - TITLE STATEMENT
Title Practical guide to employees' state insurance :
Statement of responsibility, etc by H.L. Kumar [and] Gaurav Kumar
Remainder of title act, rules and regulations /
250 ## - EDITION STATEMENT
Edition statement 12th ed
260 ## - PUBLICATION, DISTRIBUTION, ETC. (IMPRINT)
Place of publication, distribution, etc New Delhi
Name of publisher, distributor, etc Universal Law Publishing
Date of publication, distribution, etc 2013
270 ## - ADDRESS
Address C-FF-1A, Dilkhush Industrial Estate, G.T. Karnal Road
City Delhi
Postal code 110033
300 ## - PHYSICAL DESCRIPTION
Extent xlvii,512p.
Dimensions 24cm(pbk)
500 ## - GENERAL NOTE
General note Includes index
700 ## - ADDED ENTRY--PERSONAL NAME
Personal name Gaurav Kumar
942 ## - ADDED ENTRY ELEMENTS (KOHA)
Source of classification or shelving scheme Dewey Decimal Classification
Item type English Books
Call number suffix KUM
Classification part 346.54086
Holdings
Withdrawn status Lost status Not for loan Collection code Home library Current library Date acquired Source of acquisition Cost, normal purchase price Full call number Barcode Copy number Cost, replacement price Koha item type
    Not For Loan Non-fiction D.B.Act.Division D.B.Act.Division 16/08/2013 DBAD/PUB 525.00 346.54086 KUM EN-91845 1 525.00 English Books

© Delhi Public Library
Hit Counter
free hit counter